000
00240nam a22000857a 4500
008
151211b xxu||||| |||| 00| 0 eng d
020
_a
0764515489
082
_a
004
245
1
0
_a
Windows XP all-in-one desk reference for dummies /
_c
by Woody Leonhard.
999
_c
1401
_d
1401